000 00385nam a2200145 i 4500
001 bg
100 1 _aKAPAŁA, Zofia
245 0 _aEkstracja lantanowców i itru kwasem dwu (2-etylo-heksylo) /
_cZofia Kapała, Wojciech Luks.
260 _aWrocław,
_c1977.
700 1 _aLUKS, Wojciech
040 _cBPK
041 _apol
942 _cKS
008 s pl f |000 0 pol
999 _c27765
_d27765
856 _uhttp://koha.tu.koszalin.pl/cgi-bin/koha/opac-detail.pl?biblionumber=27765
_yKatalog online BPK